Candidats de Secret Story (Saison 1 à 11) - Statistiques

Statistiques générales
  • Ce quiz a été pris 4 088 fois
    3 170 depuis la dernière actualisation
  • Le résultat moyen est 98 sur 194
Statistiques - réponses
Saison Candidat % Correct
Saison 11 | Saison 4 | Saison 5 | Saison 8 Julie
93%
Saison 7 Ben
87%
Saison 10 | Saison 4 | Saison 6 Thomas
87%
Saison 11 | Saison 5 | Saison 6 Marie
86%
Saison 4 Amélie
85%
Saison 10 | Saison 7 Anaïs
85%
Saison 3 | Saison 6 | Saison 7 | Saison 9 Emilie
84%
Saison 1 | Saison 10 | Saison 6 | Saison 7 Julien
83%
Saison 4 Benoît
82%
Saison 11 Benoit
82%
Saison 10 | Saison 9 Mélanie
79%
Saison 1 | Saison 6 Nadège
78%
Saison 7 Eddy
77%
Saison 10 | Saison 4 Bastien
76%
Saison 4 | Saison 9 Coralie
76%
Saison 7 Vincent
74%
Saison 9 Ali
73%
Saison 11 | Saison 4 Laura
73%
Saison 4 Senna
73%
Saison 5 Aurélie
71%
Saison 2 | Saison 8 Nathalie
71%
Saison 5 Geof
70%
Saison 11 Noré
69%
Saison 3 | Saison 5 | Saison 9 Jonathan
68%
Saison 10 | Saison 9 Manon
67%
Saison 5 | Saison 8 Geoffrey
66%
Saison 8 Steph
66%
Saison 5 Ayem
65%
Saison 11 Kamila
65%
Saison 8 Sara
65%
Saison 1 | Saison 2 | Saison 3 | Saison 9 Nicolas
64%
Saison 8 Vivian
64%
Saison 1 Xavier
64%
Saison 9 Rémi
63%
Saison 9 Alia
61%
Saison 3 | Saison 6 | Saison 9 Kévin
60%
Saison 1 Tatiana
60%
Saison 9 Loïc
59%
Saison 4 Stéphanie
59%
Saison 5 Zarko
59%
Saison 7 Alexia
58%
Saison 11 Barbara
58%
Saison 6 Capucine
58%
Saison 10 | Saison 6 Fanny
58%
Saison 8 Leïla
58%
Saison 10 | Saison 2 Maéva
58%
Saison 2 | Saison 6 Caroline
57%
Saison 10 Darko
57%
Saison 3 François-Xavier
57%
Saison 3 | Saison 9 Vanessa
56%
Saison 5 Zelko
56%
Saison 7 Clara
55%
Saison 3 | Saison 5 | Saison 7 Sabrina
55%
Saison 10 Sarah
55%
Saison 3 Cindy
53%
Saison 8 Jessica
53%
Saison 10 | Saison 4 | Saison 6 Alexandre
52%
Saison 5 Juliette
52%
Saison 5 Morgan
52%
Saison 11 Alain
50%
Saison 5 Daniel
50%
Saison 11 Charlène
49%
Saison 7 Gautier
49%
Saison 4 John
49%
Saison 3 Léo
48%
Saison 1 | Saison 4 Maxime
47%
Saison 7 Florine
46%
Saison 10 Marvin
46%
Saison 5 | Saison 7 Morgane
46%
Saison 10 Jaja
45%
Saison 2 Alexandra
44%
Saison 6 Virginie
44%
Saison 8 Aymeric
42%
Saison 9 Karisma
42%
Saison 6 Audrey
41%
Saison 1 Laly
41%
Saison 10 Pierre
41%
Saison 5 Simon
41%
Saison 11 Benjamin
40%
Saison 2 Alice
39%
Saison 2 Matthias
39%
Saison 7 Sonja
39%
Saison 6 Yoann
39%
Saison 11 Charles
38%
Saison 4 Charlotte
38%
Saison 2 Cyril
38%
Saison 6 | Saison 8 Sacha
38%
Saison 7 Guillaume
37%
Saison 7 Jamel
37%
Saison 11 Jordan
36%
Saison 3 Romain
36%
Saison 11 Tanya
36%
Saison 4 | Saison 5 Anthony
35%
Saison 3 Bruno
34%
Saison 6 David
34%
Saison 1 Erwan
34%
Saison 1 Fred
34%
Saison 3 Angie
32%
Saison 9 Arthur
32%
Saison 2 Samantha
32%
Saison 10 Sophia
32%
Saison 3 Daniela
31%
Saison 8 Elodie
31%
Saison 2 Isabelle
31%
Saison 1 Les Triplées
31%
Saison 11 Makao
31%
Saison 4 Marion
31%
Saison 4 Anne-Krystel
30%
Saison 11 Bryan
30%
Saison 10 Damien
30%
Saison 2 Marylin
30%
Saison 7 Tara
30%
Saison 4 Chrismaëlle
29%
Saison 9 Claudia
29%
Saison 2 Laurent
29%
Saison 6 Mathieu
29%
Saison 8 Stéfan
29%
Saison 10 Athénaïs
28%
Saison 11 Cassandre
28%
Saison 3 Didier
28%
Saison 3 Elise
28%
Saison 6 Ginie
28%
Saison 2 John-David
28%
Saison 7 Mickaël
28%
Saison 5 Rudy
28%
Saison 4 Ahmed
27%
Saison 2 Marie-France
27%
Saison 2 Quentin
27%
Saison 4 Robin
27%
Saison 1 Ophélie
26%
Saison 9 Tony
26%
Saison 3 | Saison 5 Elisabeth
25%
Saison 1 Gabriel
25%
Saison 6 Midou
25%
Saison 4 Shine
24%
Saison 11 Shirley
24%
Saison 3 Martin
23%
Saison 6 Isabella
21%
Saison 11 Lydia
21%
Saison 8 Joanna
20%
Saison 10 Liam
20%
Saison 3 Maija
20%
Saison 5 Marie-Josée
20%
Saison 8 Abdel
19%
Saison 2 Hayder
19%
Saison 1 Maryline
19%
Saison 3 Rosa
19%
Saison 6 Sergueï
19%
Saison 8 Iliesse
14%
Saison 11 Nony
12%
Saison 11 Ylies
11%
Saison 3 Secret
9%
Aucun quiz correspondant
Distribution des résultats
% des personnes avec chaque résultat
Percentile par nombre de réponses
Votre historique - résultats
Vous n’avez pas pris ce quiz depuis la dernière actualisation